000 01156cam a22002891a 4500
001 78665
003 BD-RjUL
005 20211209083147.0
008 211029m13731952ir a b 001 0 pero
035 _a(BD-RjUL)78891
040 _aBD-RjUL
_cBD-RjUL
_beng
041 _aper
082 _223
_a891.55109
_bSAT 1952
100 _aصفا، ذبىح الله ;; Safa, zabihullah
_9249444
245 1 0 _aتارىخ ادبيات در ايران ;; Tārīkh-i adabīyāt dar Īrān :
_cصفا، ذبىح الله. تاليف ذبىح الله صفا.; ; Z̲abīḥ Allāh Ṣafā
260 _aTihrān :
_bفردوس ؛ ; : Firdaws ; Ba hamkari-i Nashr-i Nida
_c 1994
300 _avolumes :
_billustrations ;
_c25 cm
504 _aIncludes bibliographical references and indexes.
505 _aVol. 3.--
650 0 _aPersian literature
_xHistory and criticism.
_9249440
650 0 _aPahlavi literature
_xHistory and criticism.
_9249441
650 7 _aPahlavi literature.
_2fast
_0(OCoLC)fst01050371
_9249442
650 7 _aPersian literature.
_2fast
_0(OCoLC)fst01058528
_9249443
942 _2ddc
_cBK
999 _c78665
_d78665